Star Wars Characters - Statistics

General Stats
  • This quiz has been taken 1,614 times
  • The average score is 17 of 27
Answer Stats
Hint Answer % Correct
The chosen one Anakin Skywalker
97%
Grand Master of the Jedi Yoda
96%
Jedi known as the negotiator Obi-Wan Kenobi
94%
Son of The Chosen one. He was kissed by his sister Luke Skywalker
83%
The Chosen one's dark side. More machine than man Darth Vader
82%
Bounty Hunter that's better than his dead father Boba Fett
81%
He's one hairy dude/ Co-Captain of the Millenium Falcon Chewbacca
81%
Daughter of the chosen one. She kissed her brother Leia Skywalker
81%
Jedi Master who was killed in an epic "duel to the fates" Qui-Gon Jinn
81%
Clone commander of the above Cody
80%
The other Co-Captain of the Falcon Han Solo
77%
Bounty Hunter Killed by the above Jango Fett
75%
Clone Captain of the above Rex
74%
Epic Sith Lord Killed by a Padawan, but came back seaking revenge Darth Maul
73%
Sassy astromech droid R2-D2
73%
Best friend of the above/ Built by a young chosen one C-3PO
69%
Grand Master of the Sith. Also killed by the chosen one Darth Sidious
64%
Bounty hunter slayer/ killed by chosen one Mace Windu
62%
They use to be clones/ named after Nazi soilders Stormtroopers
58%
He should really have that cough checked out General Grievous
48%
Willy Wonkas dad? Wait wrong movie Count Dooku
47%
Dragon like Bounty Hunter. Bossk
43%
Jedi killed on Mygeeto during Execute order 66 Ki adi mundi
35%
Squid like jedi with a sweet accent Kit Fisto
32%
Twi'lek killed during order 66 aayla secura
24%
Obi-Wans Astromech droid R4-P17
14%
Jedi Killed by the dark lord of the sith and has spikes on his head Eeth Koth
10%
No matching quizzes found
Score Distribution
Percent of People with Each Score
Percentile by Number Answered
Your Score History
You have not taken this quiz